| 000 | 00512nam a2200133 a 4500 | ||
|---|---|---|---|
| 008 | 120416s1971 ||||||||||||||||| || u | ||
| 050 | _aHE 308 New | ||
| 245 | 0 | 0 | _aNew approaches to urban transportation needs |
| 260 |
_aNew York _bAmerican Society of Civil Engineers _c1971 |
||
| 350 | _a0.00 | ||
| 650 | _aURBAN TRANSPORTATION POLICY | ||
| 650 | _aTRANSPORTATION | ||
| 995 |
_D0.00 _FCBU-MAIN LIBRARY (Kitwe) _H1 _I0.00 _M1 _UDAMAGED _ZMain Library Open Access Collection |
||
| 999 |
_c52091 _d52091 |
||